Human resource management (Record no. 444519)

000 -LEADER
fixed length control field 00406cam a22001577a 4500
008 - FIXED-LENGTH DATA ELEMENTS--GENERAL INFORMATION
fixed length control field 180718b2012 xxu||||| |||| 00| 0 eng d
020 ## - INTERNATIONAL STANDARD BOOK NUMBER
International Standard Book Number 9788192458007
082 ## - DEWEY DECIMAL CLASSIFICATION NUMBER
Classification number K M969h
100 ## - MAIN ENTRY--PERSONAL NAME
Personal name Murti, K.K/
245 ## - TITLE STATEMENT
Title Human resource management
Statement of responsibility, etc. by K.K. Murti
260 ## - PUBLICATION, DISTRIBUTION, ETC.
Place of publication, distribution, etc. Mumbai
Name of publisher, distributor, etc. Vakratund Pub.
Date of publication, distribution, etc. 2012
300 ## - PHYSICAL DESCRIPTION
Extent 264p.
650 ## - SUBJECT ADDED ENTRY--TOPICAL TERM
Topical term or geographic name entry element
650 ## - SUBJECT ADDED ENTRY--TOPICAL TERM
Topical term or geographic name entry element Personnel Management
650 ## - SUBJECT ADDED ENTRY--TOPICAL TERM
Topical term or geographic name entry element Personnel management
Holdings
Withdrawn status Lost status Damaged status Not for loan Permanent Location Current Location Date acquired Full call number Barcode Date last seen Price effective from Koha item type
        Indian Institute of Public Administration Indian Institute of Public Administration 2015-06-23 K M969h 86166 2018-07-21 2018-07-21 Book

Powered by Koha